000 00885nam a2200253Ia 4500
003 OSt
005 20220923230626.0
006 a|||||r|||| 00| 0
007 ta
008 220922b |||||||| |||| 00| 0 hin d
024 _a284,972
037 _cTextual
040 _aARTS
_cARTS
_bhin
041 _2hin
_ahin
082 _aO152vN3, J2
100 _aश्रीकृष्ण लाल
245 0 _aआधुनिक हिन्दी साहित्य का विकास
_b 19 - 1925 ई
246 _aĀdhunik hindī sāhitya kā vikāsa: 19 - 1925 ī
260 _aप्रयाग
_b हिन्दी परिषद्
_c1951
300 _a406पृ.
_ccm.
650 _aहिन्दी साहित्य
_9156264
942 _hO152vN3, J2
_cTEXL
_2CC
999 _c386139
_d386139